00499nam a2200169Ia 4500999001700000003000400017005001700021008004100038040000900079082001800088100003000106245007200136260004400208300000900252650002600261942004200287 c13365d13365OSt20201021131357.0190216s9999||||xx |||||||||||||| ||und|| coclc a823.91bDOY/C aDoyle, Arthur Conan94684 4aThe Complete Short Stories Of Shelock Holmes /c Arthur Conan Doyal bJaico Publishing House,c1996.aLondon: a762p aEnglish Short Stories cBK2ddch823.91iDOY/Ck823.91mDOY/C